[Event "Agartala Dutta Memorial 3rd"]
[Site "Agartala"]
[Date "2023.11.01"]
[Round "1"]
[White "Pradeep, Tiwari"]
[Black "Adarsh, Debnath"]
[Result "1-0"]
[WhiteElo "1854"]
[BlackElo "1072"]
[PlyCount "97"]
[EventDate "2023.11.01"]
[EventType "swiss"]
[EventRounds "10"]
[EventCountry "IND"]
[SourceTitle "CBM 217 Extra"]
[Source "ChessBase"]
[SourceDate "2024.01.31"]
[SourceVersion "1"]
[SourceVersionDate "2024.01.31"]
[SourceQuality "1"]

1. d4 d5 2. Nf3 Bf5 3. c4 e6 4. Qb3 b6 5. Nc3 Nf6 6. Bg5 c6 7. Bxf6 Qxf6 8. cxd5 exd5 9. Qa4 Bd7 10. e3 Bd6 11. Qb3 0-0 12. Be2 Be6 13. Rd1 Nd7 14. a3 Rfc8 15. Qc2 Bf5 16. Bd3 Bg4 17. Qe2 Bxf3 18. gxf3 Re8 19. h4 Re7 20. Kf1 Rae8 21. Kg2 Bf4 22. Qc2 Bd6 23. Bxh7+ Kh8 24. Bf5 Bc7 25. Rh3 Nf8 26. b4 Ne6 27. Ne2 g6 28. Bg4 Kg7 29. Ng3 Bxg3 30. Rxg3 Qxh4 31. Qxc6 Rd8 32. Bxe6 Rxe6 33. Qc7 Qe7 34. Rc1 Kf8 35. Qf4 Kg7 36. Rh1 Rh8 37. Rxh8 Kxh8 38. Rh3+ Kg8 39. Qb8+ Qe8 40. Qxa7 Qc8 41. b5 Kg7 42. Qa4 Re7 43. Qb4 Rd7 44. Qb1 Qc3 45. Qh1 Qxa3 46. Rh7+ Kf8 47. Qh6+ Ke7 48. Qg5+ Kf8 49. Qf6 1-0